O arcebispo de Évora Dom Teotónio de Bragança (Registo nº 198868)
[ vista simples ]
| 000 -Etiqueta do registo | |
|---|---|
| Valores | 00593nam 22001933 4500 |
| 021 ## - Número do Depósito Legal | |
| Código do país | Portugal |
| Número | 1888/84 |
| 100 ## - Dados gerais de processamento | |
| Dados gerais | 20251106d u||y0pory50 ba |
| 200 ## - Titulo e menção de responsabilidade | |
| Título próprio | O arcebispo de Évora Dom Teotónio de Bragança |
| Primeira menção de responsabilidade | Pinharanda Gomes |
| Informação de outro título | escritos pastorais |
| 210 ## - Publicação | |
| Local de publicação | Braga |
| Nome do editor | Pinharanda Gomes |
| Data de publicação | 1984 |
| 215 ## - Descrição física | |
| Paginação / Volumes | 145, [2] p |
| Outras indicações físicas | il. ; brochado |
| Dimensões | 22 cm |
| 675 ## - CDU | |
| Notação | 27 |
| Edição | PT |
| Língua | por |
| 675 ## - CDU | |
| Notação | 929Bragança, Teotónio 1530-1602 |
| Edição | PT |
| Língua | por |
| 675 ## - CDU | |
| Notação | 25 |
| Edição | PT |
| Língua | por |
| 700 ## - Autor principal (pessoa individual) | |
| ID Autoridade | 3788 |
| Apelido | Gomes |
| Nome | Pinharanda |
| Datas | 1939-2019 |
| 801 ## - Fonte de origem | |
| País | PT |
| Agência | BMMN |
| Regras de catalogação | RPC |
| 830 ## - Notas gerais do catalogador | |
| Criado por | Ana |
| Indexado por | Ana |
| 990 ## - Elementos KOHA | |
| Tipo de documento | Livro |
| Situação do levantamento | Biblioteca de origem | Código de barras | Cota | Permissão de empréstimo | Tipo de documento | Forma de aquisição |
|---|---|---|---|---|---|---|
| Biblioteca Municipal de Montemor-o-Novo | 27440 | 27 GOM|DEP | Livro | Compra |